| 000 | 00502nam a2200181Ia 4500 | ||
|---|---|---|---|
| 005 | 20250326123944.0 | ||
| 008 | 250326s9999 xx 000 0 und d | ||
| 037 | _aTextbook | ||
| 040 |
_aFMSL _beng _cFMSL |
||
| 041 |
_aeng _2eng |
||
| 084 |
_aU6 L3 _qFMSL |
||
| 100 |
_aBlunden J _9736493 |
||
| 245 | 0 |
_aRegional analysis and development _cBlunden J; Brook C And Others |
|
| 260 |
_aNY _bNY, Open University _c1973 |
||
| 300 | _a318p | ||
| 942 |
_cTB _hU6 L3 |
||
| 999 |
_c1271643 _d1271643 |
||